Most Populous Islands of South America - Statistics

General Stats
  • This quiz has been taken 27 times
  • The average score is 8 of 28
Answer Stats
Population Country Answer % Correct
106k Netherlands Aruba
88%
149k Netherlands Curaçao
82%
24.1k Netherlands Bonaire
65%
1.27m - Trinidad
65%
490k Venezuela Margarita Island
59%
117k Colombia Margarita Island
59%
134k Argentina/Chile Isla Grande
53%
60.7k - Tobago
53%
155k Chile Chiloé Island
47%
1.45m Brazil São Luís Island
41%
533k Brazil Marajó
35%
68.0k Colombia San Andrés
35%
7.75k Chile Easter Island
24%
421k Brazil Santa Catarina Island
18%
323k Brazil Vitória
18%
5.01k Colombia Providencia Island
12%
6.00k Ecuador San Cristóbal Island
12%
15.7k Ecuador Santa Cruz Island
12%
5.00k Brazil Ilha Grande
6%
12.5k Chile Chaullin Island
0%
8.76k Venezuela Coche Island
0%
323k Brazil Guarujá
0%
35.6k Brazil Ilhabela
0%
13.4k Brazil Ilha Comprida
0%
26.7k Brazil Ilha de Itamaracá
0%
12.6k Venezuela Isla Ratón
0%
12.0k Chile Quinchao Island
0%
9.00k Colombia Tierra Bomba Island
0%
No matching quizzes found
Score Distribution
Percent of People with Each Score
Percentile by Number Answered
Your Score History
You have not taken this quiz